The elements of mathematical logic

Saved in:
Bibliografiske detaljer
Hovedforfatter: Rosenbloom, Paul C (Author)
Format: Bog
Sprog:engelsk
Udgivet: Nueva York Dover 1950
Fag:
Tags: Tilføj Tag
Ingen Tags, Vær først til at tagge denne postø!

MARC

LEADER 00000nam a2200000 a 4500
001 UCQ8703
003 CL-VaPUC
008 981217e19500000US |||||||||||||||||eng|d
082 0 4 |a 511.3  |b ROS  |2 21 
100 0 |a Rosenbloom, Paul C  |e author  |9 422819 
245 1 4 |a The elements of mathematical logic 
300 |a 214 p 
942 |c BK 
945 |d 19981217 00:00:00  |a cmena 
260 |a Nueva York  |b Dover  |c 1950 
650 0 |a Lógica matemática   |9 262442 
650 0 |a Álgebra de Boole  |9 270013 
650 7 |a SECUENCIA LOGICA  |2 CL-VaPUC  |9 422820 
650 0 |a Cálculo proposicional   |9 421897 
650 7 |a AXIOMAS  |2 CL-VaPUC  |9 422822 
583 |a last modification  |c 19981217 00:00:00  |k Rodrigo Vera 
999 |c 277888  |d 277886 
952 |0 0  |1 0  |4 0  |6 511_300000000000000_ROS_1950  |7 0  |8 A  |9 316149  |a BIBMAT  |b BIBMAT  |d 2019-11-20  |i 1307819  |o 511.3 ROS 1950  |p 1307819  |r 2025-01-07  |w 2019-11-20  |y BK  |k MAT